000 00319nam a22001457a 4500
008 181031b xxu||||| |||| 00| 0 eng d
020 _a0691097437
041 _aeng
080 _a101
082 _a101
100 _a24
101 _aFIL
245 _aThe Hero with a thousand faces
_cCampbell.J
942 _2udc
_cBK
999 _c51237
_d51237